000 01111njm a2200313Ia 4500
001 B9912
003 IT-RoPAU
005 20220918181144.0
008 131025s9999 xx 000 0 und d
040 _aIT-RoPAU
040 _cIT-RoPAU
041 _aINGLESE
999 _c101517
_d101517
999 _bn.d.
100 _aDylan Bob
_91185
100 _eAutore musica
_929545
100 _gCodice autore musica SPICS: 7026
_91187
245 _aWorld Gone Wrong
250 _a1a ed.
260 _aITALIA
260 _bSONY MUSIC ENTERTAINMENT
_c1993 [1a Ed.:1993 - Ed. Lingua Orig.: 1993]
300 _aCOMPACT DISC
300 _c44 minuti (Testo: 0 pag.)
500 _aMusica pop. Canzone inglese.
505 _aWorld Gone Wrong - Love Henry - Ragged & Dirty - Blood In My Eyes - Delia - Broke Down Engine - Stack A Lee - Two Soldiers - Jack A Roe - Lone Pilgrim.
650 _aPOP [COMPACT DISC]
_eCodice MATERIA SPICS: 9949
_910570
700 _aDylan Bob
_eAutore testo e musica
_gCodice autore testo/musica SPICS: 7026
_929546
700 _aDylan Bob
_gCodice interprete SPICS: 7026
_eInterprete
_94281
942 _cCD
_2ddc